Score 0/22 Timer 08:00
0 Plays Today
% Correct
Canada
100%
Guatemala
100%
Mexico
100%
Saint Vincent and the Grenadines
100%
Costa Rica
85.7%
Dominican Republic
85.7%
El Salvador
85.7%
Saint Kitts and Nevis
85.7%
Saint Lucia
85.7%
United States
85.7%
Belize
71.4%
% Correct
Grenada
71.4%
Honduras
71.4%
Trinidad and Tobago
71.4%
Antigua and Barbuda
57.1%
Cuba
57.1%
Panama
57.1%
Haiti
28.6%
Jamaica
28.6%
Nicaragua
28.6%
Bahamas
14.3%
Barbados
14.3%
Come Together.
Have Fun.
All Virtual.
We all need to come together. Play Sporcle's virtual live trivia to have fun, connect with people, and get your trivia on. Join a live hosted trivia game for your favorite pub trivia experience done virtually. If a virtual private party is more your thing, go here for details.

You're not logged in!

Compare scores with friends on all Sporcle quizzes.
OR
Log In

Sporcle TV

Today on Sporcle TV


Watch our educational content, quiz creation guides, and fun videos on Sporcle TV.

Show Comments

Extras

Top Quizzes Today


Score Distribution

Paid Content

Your Account Isn't Verified!

In order to create a playlist on Sporcle, you need to verify the email address you used during registration. Go to your Sporcle Settings to finish the process.

Report this User

Report this user for behavior that violates our Community Guidelines.

Details: